000 00415nam a2200157Ia 4500
005 20250508153746.0
008 008 250505s9999 xx 000 0 eng d
037 _aBooks to be hide in OPAC
040 _aFEDL
_beng
_cFEDL
041 _aeng
_2eng
084 _a372.2094
_qFEDL
245 0 _aBuilding, equipment and programme
300 _a231p.
942 _cHB
_h372.2094
999 _c1345279
_d1345279